00903nam a2200217 a 450000100100000000500170001000800410002702000150006804000250008310000400010824500850014826000270023330000230026049000550028350000210033850400730035971000680043283000620050095201060056299900170066800004169320201002035714.0131015s2004 sp 000 0 spa d a8400082974 aDO-SdBNPbspacBNPHU1 aGargallo Gil, José Enrique96850700aHabla y cultura popular en el rincón de Ademuz /cJosé Enrique Gargallo Gil. aMadrid :bCSIC,c2004. a340 p. : ;c24 cm.1 aAnejos de la revista de filología españolav96 aIncluye índice aIncluye referencias bibliográficas y notas al pie de las páginas2 aConsejo Superior de Investigaciones Científicas (Roma)968127 0aAnejos de la revista de filología españolav96968508 0010507-18MOaGRbGRcOId2013-10-15iLF1l0o p41693-10r2020-06-25w2020-06-25y1ZNo se presta c41183d41183